Statistics for Premier League Teams 1993-94

Click here to take the quiz!

General Stats

  • This quiz has been taken 262 times
  • The average score is 18 of 22

Answer Stats

PositionTeam% Correct
CManchester United
99%
14Chelsea
98%
4Arsenal
96%
8Liverpool
96%
17Everton
94%
16Manchester City
94%
15Tottenham Hotspur
93%
3Newcastle United
91%
10Aston Villa
89%
2Blackburn Rovers
89%
5Leeds United
89%
13West Ham United
86%
18Southampton
79%
12Norwich City
78%
7Sheffield Wednesday
78%
19Ipswich Town
77%
11Coventry City
71%
9Queens Park Rangers
70%
6Wimbledon
70%
RSheffield United
68%
ROldham Athletic
63%
RSwindon Town
57%

Score Distribution

Percentile by Number Answered

Percent of People with Each Score

Your Score History

You have not taken this quiz